[Event "August Kuemmel Memorial 31st"]
[Site "Darmstadt"]
[Date "1998.05.07"]
[Round "3"]
[White "Molnar, Andreas"]
[Black "Ullmann, Stefan"]
[Result "1-0"]
[WhiteElo "1330"]
[BlackElo "1582"]
[PlyCount "101"]
[EventDate "1998.04.16"]
[EventType "swiss"]
[EventRounds "7"]
[EventCountry "GER"]
[SourceTitle "EXT 2007"]
[Source "ChessBase"]
[SourceDate "2006.11.23"]
[SourceVersion "1"]
[SourceVersionDate "2006.11.23"]
[SourceQuality "1"]

1. d4 e6 2. Nf3 Nf6 3. c3 d5 4. Bg5 c5 5. e3 Nc6 6. Nbd2 Be7 7. Bb5 Bd7 8. Bxf6 Bxf6 9. dxc5 0-0 10. Qc2 Qa5 11. Bxc6 Bxc6 12. b4 Qa6 13. a4 Bb5 14. Ra3 Bd3 15. Qb2 Rfc8 16. Nb3 b6 17. b5 Qb7 18. c6 Qe7 19. Nbd4 e5 20. Nb3 a6 21. Nc1 Bc4 22. Nd2 axb5 23. Nxc4 dxc4 24. 0-0 Rxc6 25. a5 Qc5 26. a6 Rd6 27. a7 Rd7 28. Qa2 b4 29. cxb4 Qxb4 30. Ra4 Rd2 31. Qxc4 Qxc4 32. Rxc4 Rxa7 33. Rc8+ Rd8 34. Rc6 Rb7 35. Ne2 b5 36. Ng3 Be7 37. Rfc1 f6 38. h4 Kf7 39. Nf5 b4 40. Rb1 b3 41. g4 Rd2 42. e4 Ra2 43. Rc3 b2 44. Kg2 Ba3 45. Rxa3 Rxa3 46. Nd6+ Ke6 47. Nxb7 Ra2 48. Kf3 Kd7 49. Nc5+ Kd6 50. Nd3 Ra3 51. Ke2 1-0